Géométrie euclidienne plane
Zapisane w:
| 1. autor: | |
|---|---|
| Format: | Książka |
| Język: | francuski |
| Wydane: |
París
Dunod
1965
|
| Hasła przedmiotowe: | |
| Etykiety: |
Dodaj etykietę
Nie ma etykietki, Dołącz pierwszą etykiete!
|
MARC
| LEADER | 00000nam a2200000 a 4500 | ||
|---|---|---|---|
| 001 | UCQ9455 | ||
| 003 | CL-VaPUC | ||
| 008 | 990112e19650000FR |||||||||||||||||fre|d | ||
| 082 | 0 | 4 | |a 516.22 |b DON |2 21 |
| 100 | 0 | |a Doneddu, A |e author |9 424012 | |
| 245 | 1 | 0 | |a Géométrie euclidienne plane |
| 300 | |a 336 p | ||
| 942 | |c BK | ||
| 945 | |d 19990112 00:00:00 |a crobeson | ||
| 260 | |a París |b Dunod |c 1965 | ||
| 650 | 7 | |a GEOMETRIA EUCLIDEA |2 CL-VaPUC |9 359752 | |
| 650 | 0 | |a Geometría plana |9 265855 | |
| 650 | 0 | |a Ángulos |9 342215 | |
| 650 | 7 | |a CIRCULOS |2 CL-VaPUC |9 360019 | |
| 650 | 7 | |a POLIGONOS |2 CL-VaPUC |9 270337 | |
| 650 | 7 | |a POSTULADOS |2 CL-VaPUC |9 424013 | |
| 583 | |a last modification |c 19990112 00:00:00 |k Rodrigo Vera | ||
| 999 | |c 278458 |d 278456 | ||
| 952 | |0 0 |1 0 |4 0 |6 516_220000000000000_DON_1965 |7 0 |8 A |9 317014 |a BIBMAT |b BIBMAT |d 2019-11-20 |i 131470K |o 516.22 DON 1965 |p 131470K |r 2025-01-07 |w 2019-11-20 |y BK |k MAT | ||